00663nam a2200241 a 4500001001300000003000900013005001700022008004100039020001000080082001500090100001900105245004000124260005000164300000900214500003500223505001000258650001400268700001900282902000800301942000700309952009400316999001100410nice12345678IN_TiNIC20260116011253.0050524s1914 cama grp 000 0 eng  ac10000a234.5bMCD aMc Dowall, S A aEvolution and the Need of Atonement aCambridge bCambridge University Press c1914 a183p aincludes index and biblioraphy2 aIndex aAtonement1 aMc Dowall, S A bSRS cBK 00104070aHMIbHMId2007-06-20g100.00l0o234.5 MCDp1314r2007-06-20w2026-01-16yEB c50d50